000 01789nam a2200457 a 4500
001 21617
003 VRT
005 20260306143031.0
008 171215s2016 xr a b 000 p slo
015 _aSNBZSA2016/12
020 _a9788072671663
_q(viazané)
_z8072671669
035 _a6EBC0466-5C51-4190-879B-C7763BF7FDA1
035 _aurn:nbn:sk:snk-amthbg
035 _aurn:nbn:sk:snk-am00c2ft
039 9 _a202403131921
_bAUTHORITY
_c202312031510
_dAUTHORITY
_c202312031459
_dAUTHORITY
_c201712151338
_dVLOAD
040 _aSNK
_bslo
_cSNK
_eAACR2
041 0 _aslo
044 _axr
_cCZ
072 7 _a821.162.3
_xČeská literatúra
_2konspekt
080 _a821.162.3-1
_22011
080 _a82-93-053.2
_22011
080 _a82-94
_22011
245 0 0 _aSlimák, slimák, vystrč rožky
_c[zostavila: Mária Štefánková ; ilustrácie: Vladimíra Vopičková]
250 _a1. vyd.
260 _aŘíčany u Prahy
_bJunior
_c2016
300 _a[49] nečíslovaných s.
_bilustr.
_c23 cm
490 1 _aVakát
655 7 _ačeská poézia
_2SNKPH
655 7 _apublikácie pre deti
_2SNKPH
655 7 _ariekanky
_2SNKPH
655 7 _aCzech poetry
_2SNKPHeng
655 7 _aChildren's literature
_2SNKPHeng
655 7 _aNursery rhymes
_2SNKPHeng
700 1 _aŠtefánková, Mária,
_d1951-
_4com
700 1 _aVopičková, Vladimíra,
_d1965-
_4ill
830 0 _aVakát
910 _asnk
942 _2ddc
_cKLDE
_n0
949 _63830001142259
_akurukT17/SLIM1-1
_bkuruk2021/F731
_oG2020/Adriana Čutková - Kníhkupectvo/20VF00014/Fond na podporu umenia na rok 2020, projekt č. 20-514-04042 s názvom: „Nákup knižničného fondu – priama podpora vedy a vzdelávania
949 _617A1217638
_asnkSC 171802
_bsnk2016/25540
_oPemic98-ah/25Int. č. fa – 75/2016
_s6100:20161222
999 _c21617
_d21617